[Event "2020 Standard Chess Dropout Tournament, Round 1"]
[Site "SchemingMind.com"]
[Date "2019.11.22"]
[Round "1"]
[White "Ulrich Klapp"]
[Black "George Dimitrov"]
[Result "0-1"]
[WhiteCountry "GER"]
[BlackCountry "BUL"]
[WhiteElo "1673"]
[WhiteRD "104"]
[BlackElo "2481"]
[BlackRD "101"]
[GameID "448385"]

1. d4 Nf6 2. Bg5 Ne4 3. Bf4 c5 4. f3 Qa5+ 5. Bd2 Nxd2 6. Qxd2 Qxd2+ 7. Nxd2 cxd4 8. c3 dxc3 9. bxc3 g6 10. e3 Bg7
11. Ne2 Na6 12. Nd4 Nc5 13. Bc4 O-O 14. O-O d6 15. Rfb1 Rd8 16. N2b3 Na4 17. Rc1 e5 18. Nb5 a6 19. Nc7 Ra7 20. Nd5 b5
21. Bd3 Be6 22. e4 Bxd5 23. exd5 Rc8 24. c4 e4 25. Bxe4 Bxa1 26. Rxa1 f5 27. Bd3 bxc4
0-1

[Event "2020 Standard Chess Dropout Tournament, Round 1"]
[Site "SchemingMind.com"]
[Date "2019.11.25"]
[Round "1"]
[White "Uzi Mike"]
[Black "Johnny Owens"]
[Result "0-1"]
[WhiteCountry "USA"]
[BlackCountry "USA"]
[WhiteElo "2264"]
[WhiteRD "88"]
[BlackElo "2174"]
[BlackRD "76"]
[GameID "448386"]

1. d4 e6 2. e4 d5 3. Nc3 dxe4 4. Nxe4 Nd7 5. Nf3 Ngf6 6. Nxf6+ Nxf6 7. Bd3 c5 8. Be3 Qc7 9. Qe2 a6 10. O-O Nd5
11. c4 Nf4 12. Bxf4 Qxf4 13. Rad1 cxd4 14. Be4 Qc7 15. Rxd4 Be7 16. Rfd1 g6 17. a3 O-O 18. Bc2 b5 19. Ne5 Bf6 20. f4 Qb6
21. b4 bxc4 22. Kh1 Bxe5 23. fxe5 Bb7 24. Rxc4 Rad8 25. Rb1 Rd5 26. Rg1 Rfd8 27. Qe1 Qb5 28. Rc7 Rd2 29. Rc5 Qd7 30. Be4 Rd1
31. Qxd1 Qxd1 32. Bxb7 Qe2 33. Bf3 Qf2 34. Ra5 Rd3 35. h3 Re3 36. Ba8 Qa2 37. Rf1 Rxa3 38. Rc5 Qe2 39. Rb1 Qd3 40. Rcc1 Rb3
41. Ra1 Rxb4 42. Bc6 Rb2
0-1

[Event "2020 Standard Chess Dropout Tournament, Round 1"]
[Site "SchemingMind.com"]
[Date "2019.11.22"]
[Round "1"]
[White "John C. Walton"]
[Black "Arnold Jones"]
[Result "1-0"]
[WhiteCountry "USA"]
[BlackCountry "ENG"]
[WhiteElo "2387"]
[WhiteRD "101"]
[BlackElo "1583"]
[BlackRD "68"]
[GameID "448387"]

1. d4 Nf6 2. c4 e6 3. g3 c5 4. d5 d6 5. Nc3 exd5 6. cxd5 Nbd7 7. Nf3 a6 8. a4 b6 9. e4 Ne5 10. Nxe5 dxe5
11. f4 Bd6 12. f5 h5 13. Bg5 Bd7 14. Bc4 Qc7 15. Qe2 Bc8 16. Bxf6 gxf6 17. h4 Bd7 18. Bxa6 Qa7 19. Bb5 Qa5 20. Kf2 Qb4
21. Bc6 Ra5 22. Rhc1 Qd4+ 23. Kg2 Bxc6 24. dxc6 c4 25. Nb5 Qd3 26. Qxd3 cxd3 27. Nxd6+ Ke7 28. Nb5 Raa8 29. c7 Rhc8 30. Rc4 Kd7
31. Rd1 Ke7 32. Rxd3 Kf8 33. Nd6 Ke7 34. Nxc8+ Rxc8 35. b4
1-0

[Event "2020 Standard Chess Dropout Tournament, Round 1"]
[Site "SchemingMind.com"]
[Date "2019.11.21"]
[Round "1"]
[White "WonkaEight"]
[Black "Ken Lucas"]
[Result "1-0"]
[WhiteCountry "AUS"]
[BlackCountry "ENG"]
[WhiteElo "1282"]
[WhiteRD "115"]
[BlackElo "996"]
[BlackRD "149"]
[GameID "448388"]

1. d4 Nf6 2. Nf3 g6 3. c4 Bg7 4. Nc3 O-O 5. e4 d6 6. e5 dxe5 7. Nxe5 Nbd7 8. c5 c6 9. Bc4 e6 10. O-O Nxe5
11. dxe5 Nd5 12. Nxd5
1-0

[Event "2020 Standard Chess Dropout Tournament, Round 1"]
[Site "SchemingMind.com"]
[Date "2019.11.25"]
[Round "1"]
[White "Wolli"]
[Black "Shanks"]
[Result "1-0"]
[WhiteCountry "GER"]
[BlackCountry "ENG"]
[WhiteElo "1595"]
[WhiteRD "86"]
[BlackElo "1277"]
[BlackRD "64"]
[GameID "448389"]

1. c4 Nf6 2. g3 d5 3. cxd5 Nxd5 4. Bg2 Nf6 5. Nc3 c6 6. Nf3 e6 7. O-O Bd6 8. b3 O-O 9. d4 c5 10. Bg5 Nbd7
11. dxc5 Bxc5 12. Ne4 Be7 13. Qd3 Nxe4 14. Bxe7 Qxe7 15. Qxe4 Nf6 16. Qe5 Nd7 17. Qe3 a5 18. Rfd1 Rb8 19. Ne5 Nxe5 20. Qxe5 Bd7
21. Rd2 b5 22. Rad1 f6 23. Qc7 Rbd8 24. Rxd7 Rxd7 25. Rxd7
1-0

[Event "2020 Standard Chess Dropout Tournament, Round 2"]
[Site "SchemingMind.com"]
[Date "2020.06.19"]
[Round "2"]
[White "Aba"]
[Black "pnwmusichound"]
[Result "0-1"]
[WhiteCountry "ISR"]
[BlackCountry "USA"]
[WhiteElo "1772"]
[WhiteRD "67"]
[BlackElo "1816"]
[BlackRD "96"]
[GameID "456552"]

1. e4 e5 2. Nf3 Nf6 3. Bc4 d5 4. exd5 e4 5. Nd4 c6 6. Nc3 cxd5 7. O-O dxc4 8. Nde2 a6 9. Nf4 Bd6 10. d3 Bxf4
11. Bxf4 cxd3 12. cxd3 exd3 13. Re1+ Be6 14. Qf3 Nc6 15. Rad1 O-O 16. Rxd3 Qa5 17. Qg3 Nh5 18. Qh4 Nxf4 19. Qxf4 Bxa2 20. Ra1 Nb4
21. Rd7 Rad8 22. Rxb7 Nc2 23. Rc1 Rfe8 24. b3 Qxc3 25. Qxf7+ Kh8 26. g3 Rf8 27. Rd7 Bxb3 28. Rxd8 Rxd8 29. Qe7 Qf6
0-1

[Event "2020 Standard Chess Dropout Tournament, Round 2"]
[Site "SchemingMind.com"]
[Date "2020.06.15"]
[Round "2"]
[White "Abstract Actuary"]
[Black "Wolli"]
[Result "1-0"]
[WhiteCountry "USA"]
[BlackCountry "GER"]
[WhiteElo "1861"]
[WhiteRD "70"]
[BlackElo "1625"]
[BlackRD "91"]
[GameID "456554"]

1. e4 d6 2. d4 Nf6 3. Nc3 g6 4. f4 Bg7 5. Nf3 O-O 6. Bd3 Bg4 7. h3 Bxf3 8. Qxf3 c6 9. Be3 Nbd7 10. g4 e5
11. dxe5 dxe5 12. f5 Nb6 13. g5 Nh5 14. f6 Bh8 15. Ne2 Qd7 16. Ng3 Nxg3 17. Qxg3 Qe6 18. h4 Na4 19. b3 Nc3 20. Bd2 Nb5
21. h5 Rad8 22. Qh4 Rd7 23. hxg6
1-0

[Event "2020 Standard Chess Dropout Tournament, Round 2"]
[Site "SchemingMind.com"]
[Date "2020.06.19"]
[Round "2"]
[White "Andreas Flato"]
[Black "kenneth m day"]
[Result "1-0"]
[WhiteCountry "GER"]
[BlackCountry "USA"]
[WhiteElo "1871"]
[WhiteRD "111"]
[BlackElo "1729"]
[BlackRD "50"]
[GameID "456556"]

1. e4 e5 2. Bc4 Nf6 3. d3 c6 4. Nf3 d5 5. exd5 cxd5 6. Bb5+ Bd7 7. Bxd7+ Nbxd7 8. O-O Bd6 9. Nc3 O-O 10. Re1 Re8
11. Bg5 d4 12. Ne4 Be7 13. Ng3 Qc7 14. Nf5 Bd8 15. Nd2 Rc8 16. Rc1 Qb6 17. Nc4 Qe6 18. Nfd6 h6 19. Bxf6 Bxf6 20. Nxe8 Rxe8
21. f4 Qd5 22. Qh5 b5 23. Nd2 Qxa2 24. b3 Qa5 25. Nf3 Qb6 26. fxe5 Be7 27. e6 Rf8 28. exd7 Qd8 29. Qxb5 f6 30. Nxd4 Bd6
31. Qd5+
1-0

[Event "2020 Standard Chess Dropout Tournament, Round 2"]
[Site "SchemingMind.com"]
[Date "2020.06.15"]
[Round "2"]
[White "Randy Bahr"]
[Black "Glenn O'Brien"]
[Result "0-1"]
[WhiteCountry "USA"]
[BlackCountry "AUS"]
[WhiteElo "1774"]
[WhiteRD "69"]
[BlackElo "2005"]
[BlackRD "86"]
[GameID "456557"]

1. c4 e5 2. g3 Nf6 3. Bg2 d5 4. cxd5 Nxd5 5. Nc3 Nb6 6. Nf3 Nc6 7. O-O Be7 8. b3 O-O 9. Bb2 Bg4 10. d3 f6
11. Rc1 Qd7 12. Qc2 Rad8 13. Nd2 Nd4 14. Qb1 Nxe2+ 15. Nxe2 Bxe2 16. Rfe1 Bxd3 17. Qa1 Bb4 18. Bc3 Ba3 19. Bxb7 Bxc1 20. Rxc1 c6
21. Bxc6 Qxc6 22. Bb4 Qb7 23. Bxf8 Kxf8 24. Qc3 Rc8 25. Qb4+ Qe7 26. Rxc8+ Nxc8 27. Qc3 Qd7 28. Nf3 Ne7
0-1

[Event "2020 Standard Chess Dropout Tournament, Round 2"]
[Site "SchemingMind.com"]
[Date "2020.06.15"]
[Round "2"]
[White "Arnold Jones"]
[Black "Ulrich Klapp"]
[Result "1-0"]
[WhiteCountry "ENG"]
[BlackCountry "GER"]
[WhiteElo "1677"]
[WhiteRD "66"]
[BlackElo "1662"]
[BlackRD "87"]
[GameID "456558"]

1. d4 f5 2. Nf3 d6 3. Nc3 Nf6 4. e3 e6 5. Bd3 Bd7 6. e4 Be7 7. exf5 exf5 8. Ne2 Nc6 9. c3 O-O 10. Ng3 g6
11. Bh6 Re8 12. Qb3+ d5 13. O-O Bd6 14. Ne2 Qb8 15. Bf4 Na5 16. Qc2 Rxe2 17. Qxe2 Bxf4 18. Ne5 Be8 19. f3 Qd8 20. g3 Nc4
21. gxf4 Nxe5 22. fxe5 Nd7 23. f4 Qe7 24. Qg2 Qe6 25. Rf3 Qb6 26. Bxf5 Kg7 27. Bxd7 Bxd7 28. f5 Kf7 29. fxg6+
1-0

[Event "2020 Standard Chess Dropout Tournament, Round 2"]
[Site "SchemingMind.com"]
[Date "2020.06.19"]
[Round "2"]
[White "Austin Lockwood"]
[Black "Robert Bruce"]
[Result "0-1"]
[WhiteCountry "ENG"]
[BlackCountry "SCO"]
[WhiteElo "1646"]
[WhiteRD "132"]
[BlackElo "2407"]
[BlackRD "67"]
[GameID "456560"]

1. e4 Nf6 2. e5 Nd5 3. d4 d6 4. Nf3 dxe5 5. Nxe5 c6 6. Bd3 Nd7 7. O-O Nxe5 8. dxe5 g6 9. Nc3 Nxc3 10. bxc3 Bg7
11. Bf4 Qa5 12. Qe1 Qa3 13. h4 O-O 14. h5 Rd8 15. h6 Bf8 16. g3 Bh3 17. Qc1 Qxc3 18. Re1 b6 19. Bf1 Bxf1 20. Rxf1 Rd5
21. Qd1 Rxd1 22. Rfxd1 Qxc2
0-1

[Event "2020 Standard Chess Dropout Tournament, Round 2"]
[Site "SchemingMind.com"]
[Date "2020.06.18"]
[Round "2"]
[White "Bacon"]
[Black "Robert Pallett"]
[Result "0-1"]
[WhiteCountry "BER"]
[BlackCountry "ENG"]
[WhiteElo "1030"]
[WhiteRD "83"]
[BlackElo "2395"]
[BlackRD "97"]
[GameID "456561"]

1. e4 e5 2. Nf3 Nc6 3. Bb5 a6 4. Bxc6 dxc6 5. Nxe5 Qd4 6. Nc3 Qxe5 7. d4 Qe7 8. e5 Bf5 9. O-O O-O-O 10. g4 Bg6
11. f3 h5 12. f4 Qh4 13. g5 Bc5 14. Ne2 Qg4+ 15. Ng3 Bxd4+ 16. Kg2 Be4+ 17. Rf3 h4 18. c3 hxg3 19. h3 Qxh3#
0-1

[Event "2020 Standard Chess Dropout Tournament, Round 2"]
[Site "SchemingMind.com"]
[Date "2020.06.16"]
[Round "2"]
[White "Mike Winslow"]
[Black "NYNH"]
[Result "0-1"]
[WhiteCountry "USA"]
[BlackCountry "USA"]
[WhiteElo "1952"]
[WhiteRD "86"]
[BlackElo "2028"]
[BlackRD "105"]
[GameID "456562"]

1. d4 Nf6 2. c4 c5 3. d5 b5 4. a4 b4 5. Nd2 g6 6. e4 d6 7. f4 Qc7 8. Ngf3 Bg4 9. Be2 Bg7 10. O-O O-O
11. Ng5 Bxe2 12. Qxe2 Nbd7 13. Ngf3 e6 14. Re1 Rfe8 15. e5 dxe5 16. fxe5 exd5 17. cxd5 Nxd5 18. Nc4 N5b6 19. Bf4 Nxc4 20. Qxc4 Nxe5
21. Qe4 Nxf3+ 22. Qxf3 Qd7 23. Red1 Qf5 24. Rd5 Bd4+ 25. Kf1 Qc2 26. Rd7 Qc4+
0-1

[Event "2020 Standard Chess Dropout Tournament, Round 2"]
[Site "SchemingMind.com"]
[Date "2020.06.15"]
[Round "2"]
[White "Ingemar Assarsjö"]
[Black "Thomas Jacob Kelly"]
[Result "0-1"]
[WhiteCountry "SWE"]
[BlackCountry "USA"]
[WhiteElo "1849"]
[WhiteRD "89"]
[BlackElo "1888"]
[BlackRD "70"]
[GameID "456563"]

1. e4 c6 2. d4 d5 3. Nc3 dxe4 4. Nxe4 Nf6 5. Nxf6+ exf6 6. c3 Bd6 7. Bd3 O-O 8. Qc2 Re8+ 9. Ne2 h6 10. O-O Qc7
11. Ng3 c5 12. dxc5 Bxc5 13. Bd2 Nd7 14. Rae1 Ne5 15. Be3 Bd7 16. Bxc5 Qxc5 17. b3 Rac8 18. c4 Red8 19. Be4 b5 20. Nf5 bxc4
21. Rd1 Be6 22. bxc4 Rd7 23. Rxd7 Bxd7 24. Rd1 h5 25. Rd5 Qb4 26. h3 Rxc4 27. Qd1 Rxe4 28. Rxd7 Re1+
0-1

[Event "2020 Standard Chess Dropout Tournament, Round 2"]
[Site "SchemingMind.com"]
[Date "2020.06.19"]
[Round "2"]
[White "Robert Bruce"]
[Black "Clive Everill"]
[Result "1-0"]
[WhiteCountry "SCO"]
[BlackCountry "CZE"]
[WhiteElo "2407"]
[WhiteRD "67"]
[BlackElo "1707"]
[BlackRD "56"]
[GameID "456564"]

1. d4 d5 2. Nf3 e6 3. Bg5 Nf6 4. Nbd2 Be7 5. e3 c5 6. c3 Nbd7 7. Bd3 b6 8. Ne5 Nxe5 9. dxe5 Nd7 10. Bxe7 Qxe7
11. f4 Bb7 12. Qe2 O-O-O 13. a4 c4 14. O-O cxd3 15. Qxd3 Nc5 16. Qd4 f6 17. a5 b5 18. b4 Na6 19. Qxa7 Qc7 20. Nf3 Kd7
21. Rad1 Ke7 22. Qd4 f5 23. Qd2 h6 24. Qf2 Qc4 25. e4 fxe4 26. Nd4 Rdf8 27. Qg3 Rhg8 28. f5 Bc8 29. Qh4+ Ke8 30. fxe6 Rxf1+
31. Rxf1 Nc7 32. Rf7 g5 33. Qh5 Kd8 34. e7+ Kd7 35. Rf8 Qxc3 36. e8=Q+ Nxe8 37. Qxe8+ Kc7 38. Qxc8#
1-0

[Event "2020 Standard Chess Dropout Tournament, Round 2"]
[Site "SchemingMind.com"]
[Date "2020.06.16"]
[Round "2"]
[White "buddhastalin"]
[Black "Raymond de Kemp"]
[Result "1-0"]
[WhiteCountry "USA"]
[BlackCountry "NED"]
[WhiteElo "1750"]
[WhiteRD "90"]
[BlackElo "1822"]
[BlackRD "63"]
[GameID "456565"]

1. d4 f5 2. g3 Nf6 3. Bg5 e6 4. Bxf6 Qxf6 5. Bg2 Nc6 6. Nf3 d5 7. O-O Bd6 8. c3 b6 9. Nbd2 Bb7 10. Rc1 O-O-O
11. c4 dxc4 12. Nxc4 Be7 13. e3 h5 14. Nce5 Nxe5 15. Nxe5 Bxg2 16. Kxg2 h4 17. Qc2 Bd6 18. Nc4 Qe7 19. a4 hxg3 20. fxg3 c5
21. dxc5 Qb7+ 22. Kg1 Bxc5 23. b4 Bxe3+ 24. Nxe3+ Kb8 25. b5 Rc8 26. Qg2 Qxg2+ 27. Kxg2 Rcd8 28. Rfd1 Rxd1 29. Rxd1 Kc7 30. Nc4 Rd8
31. Rxd8 Kxd8 32. Ne5 Kc7 33. Nc6
1-0

[Event "2020 Standard Chess Dropout Tournament, Round 2"]
[Site "SchemingMind.com"]
[Date "2020.06.18"]
[Round "2"]
[White "Andrea Carra"]
[Black "spoke"]
[Result "1/2-1/2"]
[WhiteCountry "ITA"]
[BlackCountry "GER"]
[WhiteElo "1905"]
[WhiteRD "101"]
[BlackElo "1842"]
[BlackRD "84"]
[GameID "456566"]

1. e4 e5 2. Nf3 Nc6 3. Bb5 Bb4 4. O-O Nge7 5. c3 Ba5 6. d4 exd4 7. Nxd4 Nxd4 8. cxd4 c6 9. Ba4 O-O 10. Nd2 d5
11. e5 Bb6 12. Nf3 Bg4 13. Bc2 Nf5 14. Be3 Bxf3 15. Qxf3 Nxd4 16. Bxd4 Bxd4 17. Qd3 Qh4 18. g3 Qe4 19. Qb3 Qxe5 20. Rae1 Qf6
21. Re2 Rfe8 22. Qxb7 Reb8 23. Qd7 Rd8 24. Qf5 Qxf5 25. Bxf5 Rab8 26. b3 g6 27. Bh3 a5 28. Rd1 Bc3 29. Bg2 Bb4 30. Rc2 Rbc8
31. Kf1 Kf8 32. Kg1=
1/2-1/2

[Event "2020 Standard Chess Dropout Tournament, Round 2"]
[Site "SchemingMind.com"]
[Date "2020.06.19"]
[Round "2"]
[White "DANDYLIONHONEYBADGER"]
[Black "David Hartley"]
[Result "0-1"]
[WhiteCountry "USA"]
[BlackCountry "ENG"]
[WhiteElo "1320"]
[WhiteRD "81"]
[BlackElo "1700"]
[BlackRD "74"]
[GameID "456567"]

1. Nc3 e5 2. e4 Nf6 3. f3 Bc5 4. Nge2 d5 5. d3 d4 6. Na4 Bd6 7. Bg5 Bd7 8. b3 O-O 9. Bxf6 Qxf6 10. Ng3 Bxa4
11. bxa4 Qf4 12. Ne2 Qe3 13. Qd2 Qxd2+ 14. Kxd2 b6 15. Ng3 Nd7 16. Be2 Bb4+ 17. Kd1 a5 18. Nf5 Rfe8 19. a3 Bc3 20. Rb1 Rab8
21. h4 Nc5 22. h5 h6 23. Rh4 Kh7 24. Rg4 g5 25. Rg3 Nxa4 26. Rb5 c6 27. Rb1 b5 28. Nd6 Rf8 29. Nf5 Bb2 30. Ne7 Nc3+
31. Ke1 Nxb1 32. Nxc6 Rbe8 33. Nxa5 Nxa3 34. Nb7 Nxc2+ 35. Kf2 Ra8 36. Nc5 Ne3 37. Nd7 Rfc8 38. Nb6 b4 39. Nxc8 Rxc8 40. Rh3 Rc1
41. Kg3 Bc3 42. Kf2 b3 43. g3 b2
0-1

[Event "2020 Standard Chess Dropout Tournament, Round 2"]
[Site "SchemingMind.com"]
[Date "2020.06.16"]
[Round "2"]
[White "Delf Groth"]
[Black "maro"]
[Result "1-0"]
[WhiteCountry "GER"]
[BlackCountry "MEX"]
[WhiteElo "1845"]
[WhiteRD "93"]
[BlackElo "1377"]
[BlackRD "60"]
[GameID "456569"]

1. e4 e5 2. Bc4 Nc6 3. d3 Nf6 4. Nf3 Bc5 5. c3 d5 6. exd5 Nxd5 7. Qb3 Be6 8. Qxb7 Na5 9. Qb5+ Bd7 10. Qxc5 Ne7
11. Qxa5 O-O 12. O-O Nc6 13. Qc5 a5 14. Bg5 Ne7 15. Bxe7 Qe8 16. Nxe5
1-0

[Event "2020 Standard Chess Dropout Tournament, Round 2"]
[Site "SchemingMind.com"]
[Date "2020.06.19"]
[Round "2"]
[White "Diadoco"]
[Black "Andreas Flato"]
[Result "1-0"]
[WhiteCountry "MEX"]
[BlackCountry "GER"]
[WhiteElo "1982"]
[WhiteRD "112"]
[BlackElo "1871"]
[BlackRD "111"]
[GameID "456570"]

1. e4 e5 2. Nf3 d6 3. d4 exd4 4. Nxd4 Be7 5. c4 Nf6 6. Nc3 O-O 7. Be2 Nc6 8. Be3 Bd7 9. O-O Re8 10. f3 Bf8
11. Qd2 Ne5 12. Rfd1 a6 13. a3 Kh8 14. b4 Rb8 15. b5 axb5 16. cxb5 c6 17. a4 g6 18. Bg5 Bg7 19. f4 Neg4 20. h3 h6
21. Bh4 Nxe4 22. Bxd8 Nxd2 23. Rxd2 Rbxd8 24. Bxg4 Bxg4 25. hxg4 c5 26. Nde2 d5 27. Rc1 d4 28. Nd1 d3 29. Nec3 b6 30. Kf1 Rd4
31. g3 g5 32. fxg5 Rxg4 33. Rxd3 Rxg5 34. Nf2 Bd4 35. Ne2 Be5 36. Rc4 Reg8 37. Kg2 R8g6 38. Nf4 Rf6 39. N2h3 Rg8 40. Kf3 Kh7
41. Nf2 Bd4 42. Ne4 Rf5 43. g4 Rfg5 44. Nxg5+ hxg5 45. Ne2 Be5 46. Rd7 Kg6 47. Rb7
1-0

[Event "2020 Standard Chess Dropout Tournament, Round 2"]
[Site "SchemingMind.com"]
[Date "2020.06.15"]
[Round "2"]
[White "Don71"]
[Black "WonkaEight"]
[Result "1-0"]
[WhiteCountry "NIR"]
[BlackCountry "AUS"]
[WhiteElo "2329"]
[WhiteRD "101"]
[BlackElo "1415"]
[BlackRD "66"]
[GameID "456571"]

1. e4 e5 2. Nf3 Nc6 3. Bb5 a6 4. Bxc6 dxc6 5. O-O Bc5 6. Nxe5 Qf6 7. d4 Ba7 8. Be3 Qh4 9. Nc3 Nf6 10. Nf3 Qg4
11. h3 Qg6 12. Ne5 Qh5 13. Qxh5 Nxh5 14. d5 cxd5 15. Nxd5 Be6 16. Nxc7+ Ke7 17. Nxa8 Rxa8 18. Bxa7 Rxa7 19. f4 Ra8 20. f5 Bc4
21. Nxc4
1-0

[Event "2020 Standard Chess Dropout Tournament, Round 2"]
[Site "SchemingMind.com"]
[Date "2020.06.19"]
[Round "2"]
[White "edg"]
[Black "thefriediceman"]
[Result "0-1"]
[WhiteCountry "USA"]
[BlackCountry "USA"]
[WhiteElo "1664"]
[WhiteRD "66"]
[BlackElo "2120"]
[BlackRD "143"]
[GameID "456572"]

1. Nf3 d5 2. c4 c6 3. cxd5 cxd5 4. d4 Nf6 5. e3 Bf5 6. Be2 Nc6 7. a3 h6 8. Nc3 e6 9. O-O a6 10. Bd3 Bxd3
11. Qxd3 Bd6 12. e4 dxe4 13. Nxe4 Nxe4 14. Qxe4 O-O 15. Qg4 Qf6 16. Be3 Rac8 17. Rac1 Ne7 18. Rxc8 Rxc8 19. Rc1 Rxc1+ 20. Bxc1 Nd5
21. Bd2 Nf4 22. Bxf4 Qxf4 23. Qxf4 Bxf4 24. a4 Kf8 25. g3 Bc1 26. b3 Bb2 27. Kf1 Ke7 28. Ke2 Kd6 29. Kd3 Kd5 30. h4 g6
31. g4 f6 32. Ke3 b6 33. Kd3 Bc1 34. Ne1 Bf4 35. Nc2 a5 36. Na3 f5 37. gxf5 exf5 38. Nc4 Bc7 39. Ne3+ Ke6 40. Kc4 g5
41. hxg5 hxg5 42. Nd5 Bd8 43. f3 g4 44. fxg4 fxg4 45. Ne3 g3 46. Kd3 Bg5 47. d5+ Kd7 48. Ng2 Kd6 49. Ke4 Kc5 50. d6 Kb4
51. Kf3 Kxb3 52. Kxg3 Kxa4 53. Kg4 Bd8 54. Kf3 Kb5 55. Ne3 Kc5 56. d7 Kc6 57. Ke4 Kxd7 58. Kd5 Kc7 59. Nc4 Kb7 60. Na3 Be7
61. Nb5 a4 62. Kc4 Ka6 63. Nc3 Ka5 64. Nd5 b5+ 65. Kd3 Bd6 66. Kc2 b4 67. Ne3 Kb5 68. Kb2 Kc5 69. Nd1 Be5+ 70. Ka2 Bd4
71. Nb2 Bxb2 72. Kxb2 Kc4 73. Kc2 a3 74. Kb1 Kc3 75. Ka1 Kc2 76. Ka2 b3+
0-1

[Event "2020 Standard Chess Dropout Tournament, Round 2"]
[Site "SchemingMind.com"]
[Date "2020.06.14"]
[Round "2"]
[White "FransEvers"]
[Black "Michael Preier"]
[Result "1-0"]
[WhiteCountry "NED"]
[BlackCountry "GER"]
[WhiteElo "2061"]
[WhiteRD "107"]
[BlackElo "1530"]
[BlackRD "132"]
[GameID "456573"]

1. e4 e5 2. Nf3 Nc6 3. Be2 Nf6 4. d3 d5 5. Nbd2 Nd4 6. Nxd4 exd4 7. e5 Ng8 8. O-O Be6 9. f4 Qd7 10. Nf3 O-O-O
11. Nxd4 Bc5 12. Be3 Ne7 13. c3 f6 14. Nc2 Bxe3+ 15. Nxe3 fxe5 16. f5 Bxf5 17. Nxf5 Nxf5 18. Rxf5 Kb8 19. Rxe5 g6 20. Bf3 d4
21. Qb3 c6 22. Be4 Qd6 23. Re6 Qf4 24. Rxc6 b6 25. Rxb6+ Kc8 26. Rb7 Rd7 27. Qe6 Rd8 28. Rxa7 dxc3 29. Ra8+ Kc7 30. Qc6#
1-0

[Event "2020 Standard Chess Dropout Tournament, Round 2"]
[Site "SchemingMind.com"]
[Date "2020.06.15"]
[Round "2"]
[White "Aleksandr Frenkel"]
[Black "The Knight Rider"]
[Result "1-0"]
[WhiteCountry "USA"]
[BlackCountry "IND"]
[WhiteElo "2436"]
[WhiteRD "91"]
[BlackElo "2498"]
[BlackRD "96"]
[GameID "456574"]

1. e4 c6 2. d4 d5 3. Nc3 dxe4 4. Nxe4 Bf5 5. Ng3 Bg6 6. h4 h6 7. Nf3 Nd7 8. h5 Bh7 9. Bd3 Bxd3 10. Qxd3 Ngf6
11. Bf4 e6 12. O-O-O Qc7 13. Bxc7
1-0

[Event "2020 Standard Chess Dropout Tournament, Round 2"]
[Site "SchemingMind.com"]
[Date "2020.06.15"]
[Round "2"]
[White "Glenn O'Brien"]
[Black "Bacon"]
[Result "1-0"]
[WhiteCountry "AUS"]
[BlackCountry "BER"]
[WhiteElo "1997"]
[WhiteRD "81"]
[BlackElo "1030"]
[BlackRD "83"]
[GameID "456576"]

1. e4 e5 2. Nf3 d6 3. d4 f6 4. Bc4 exd4 5. Nxd4 Qe7 6. O-O Qxe4 7. Re1 Qxe1+ 8. Qxe1+ Be7 9. Qe4 Nh6 10. Bxh6 gxh6
11. Nc3 c6 12. Re1 Nd7 13. Qxe7#
1-0

[Event "2020 Standard Chess Dropout Tournament, Round 2"]
[Site "SchemingMind.com"]
[Date "2020.06.15"]
[Round "2"]
[White "Holty"]
[Black "William Lindberg"]
[Result "0-1"]
[WhiteCountry "ENG"]
[BlackCountry "USA"]
[WhiteElo "1766"]
[WhiteRD "62"]
[BlackElo "2447"]
[BlackRD "63"]
[GameID "456577"]

1. d4 Nf6 2. Nc3 d5 3. Bf4 a6 4. e3 e6 5. Nf3 c5 6. dxc5 Bxc5 7. Bd3 b5 8. a3 Bb7 9. Bg5 Nbd7 10. O-O O-O
11. Ne2 Qc7 12. Nc3 h6 13. Bxf6 Nxf6 14. Re1 Bb6 15. e4 Ng4 16. Re2 f5 17. exd5 e5 18. h3 e4 19. Bxe4 Nxf2 20. Rxf2 fxe4
21. Nxe4 Rad8 22. Nfg5 Rxf2 23. Kh1 Rxd5 24. Qh5 Rxg5 25. Qe8+ Rf8 26. Qe6+ Kh8 27. Nxg5 Bxg2+ 28. Kxg2 Rf2+ 29. Kg1 Qh2#
0-1

[Event "2020 Standard Chess Dropout Tournament, Round 2"]
[Site "SchemingMind.com"]
[Date "2020.06.15"]
[Round "2"]
[White "John Hamer"]
[Black "Aba"]
[Result "1-0"]
[WhiteCountry "ENG"]
[BlackCountry "ISR"]
[WhiteElo "1921"]
[WhiteRD "61"]
[BlackElo "1795"]
[BlackRD "75"]
[GameID "456579"]

1. d4 d5 2. c4 e6 3. cxd5 exd5 4. Nc3 Be7 5. Bf4 c6 6. e3 Bf5 7. g4 Be6 8. Bd3 Nf6 9. g5 Nfd7 10. h4 h6
11. gxh6 gxh6 12. Nf3 Qb6 13. Qd2 Na6 14. O-O-O Bg4 15. Be2 h5 16. Rhg1 Bxf3 17. Bxf3 Bxh4 18. Rh1 Qd8 19. e4 dxe4 20. Nxe4 Nb6
21. Nd6+
1-0

[Event "2020 Standard Chess Dropout Tournament, Round 2"]
[Site "SchemingMind.com"]
[Date "2020.06.18"]
[Round "2"]
[White "j4orce"]
[Black "John Hamer"]
[Result "0-1"]
[WhiteCountry "USA"]
[BlackCountry "ENG"]
[WhiteElo "1651"]
[WhiteRD "142"]
[BlackElo "1972"]
[BlackRD "59"]
[GameID "456580"]

1. e4 c6 2. d4 d5 3. e5 c5 4. Bb5+ Bd7 5. Bxd7+ Nxd7 6. Nc3 e6 7. Nf3 cxd4 8. Ne2 Bb4+ 9. Bd2 Bc5 10. Nf4 Ne7
11. c3 Nf5 12. b4 Bb6 13. Qb3 dxc3 14. Qxc3 O-O 15. h4 Rc8 16. Qd3 Nxe5 17. Nxe5 Bd4 18. Rb1 Bxe5 19. g3 Rc4 20. Ne2 Qf6
21. Bg5 Qg6 22. f4 f6 23. g4 Nxh4 24. f5 Qxg5 25. fxe6 Re4 26. e7 Ng2+ 27. Kf1 Ne3+ 28. Ke1 Re8 29. Rg1 Qh4+ 30. Kd2 Nc4+
31. Kc1 Qg5+ 32. Kc2 Ne3+ 33. Kb3 Rxe7 34. a3 Rc7 35. Qb5 Kf8 36. Nc1 Rxg4 37. Rh1 Qf5
0-1

[Event "2020 Standard Chess Dropout Tournament, Round 2"]
[Site "SchemingMind.com"]
[Date "2020.06.15"]
[Round "2"]
[White "JimM"]
[Black "edg"]
[Result "1-0"]
[WhiteCountry "USA"]
[BlackCountry "USA"]
[WhiteElo "1711"]
[WhiteRD "75"]
[BlackElo "1710"]
[BlackRD "63"]
[GameID "456582"]

1. e4 e6 2. Bb5 c6 3. Ba4 d5 4. e5 Nd7 5. Nf3 Bc5 6. d4 Bb6 7. c3 Bc7 8. Bg5 Ne7 9. O-O h6 10. Bh4 g5
11. Nxg5 hxg5 12. Bxg5 Nf8 13. Qf3 Qd7 14. Nd2 Bd8 15. Bf6 Rh6 16. Bc2 Neg6 17. Qg4 Bxf6 18. exf6 Qc7 19. Nf3 Qf4 20. Qg3 Nd7
21. b4 Qxg3 22. fxg3 Nxf6 23. Bxg6 Rxg6 24. Ne5 Ng4 25. Nxg6 fxg6 26. Rf4 Ne3 27. Re1 Nf5 28. g4 Ne7 29. Ref1 b6 30. Rf8+ Kd7
31. R1f7 Bb7 32. h4 Rxf8 33. Rxf8 Ba6 34. Kf2 Bd3 35. Ke3 Be4 36. g3 b5 37. Kf4 Nc8 38. h5 gxh5 39. gxh5 Nd6 40. g4 Bb1
41. g5 Bxa2 42. g6 Nf5 43. Rxf5
1-0